00730 a2200157 45000010006000000050017000060080041000230030015000640400040000790800035001192450042001542640033001963000019002295050307002481000017005555955320260407155849.0260407a1956 arg spa dAR-UNSa-BCEJYS aAR-UNSa-BCEJYSbspacAR-UNSa-BCEJYS a330.34xDesarrollo Económico10aEl estado y el desarrollo económico 1aBuenos Aires :bRaigalc1956 a200 p.c20 cm. aPrimera Parte: Los obstáculos al desarrollo económico: 1. El mercado - 2. La distribución del ingreso - 3. La inestabilidad exterior - Segunda Parte: La intervención del estado: 4. El cambio de orientación en el desarrollo económico - 5. Argumentos en favor de la participación del Estado1 aFerrer, Aldo